| 000 | 00523cam a2200205 4500 | ||
|---|---|---|---|
| 001 | B599 | ||
| 008 | 090401t1986 xxu||||| |||| 00| 0 eng d | ||
| 035 | _a(Sirsi) u36751 | ||
| 041 | _aeng | ||
| 050 | _a346.41043 | ||
| 100 | _aSimpson, A.W.B. | ||
| 245 | 2 | _aA history of the land law | |
| 250 | _a2nd ed. | ||
| 260 |
_aOxford _bClarendon Press _c1986 |
||
| 300 | _a316p. ; 22cm. | ||
| 350 | _a25 | ||
| 520 | _aFirst ed. entitled An introduction to the history of the land law. | ||
| 942 | _n0 | ||
| 948 | _c04/03/1997 | ||
| 999 |
_c90378 _d90378 |
||